000 04964nam a22008657u 4500
001 pwiiw4964
003 OSt
005 20260517120238.0
008 190705t2019 au ||||| |||||||| ||ger d
040 _cOSt
041 _ager
084 _aE20
_aE66
_aO52
_aO57
_aP24
_aP27
_aP33
_aP52
_2jelc
100 1 _aGrübler, Julia
245 1 0 _aOsteuropa trotzt dem globalen Gegenwind
260 _aWien :
_bWiener Institut für Internationale Wirtschaftsvergleiche (wiiw),
_c2019.
300 _a91 S.,
_b109 Tables and 22 Figures,
_c30cm.
490 1 _awiiw Research Reports in German Language
_v14
520 _aThis publication is available in German language only. For a brief English summary see further below. Die Konjunktur in den mittel-, ost- und südosteuropäischen Ländern (MOSOEL) kühlt sich zwar ab, aber viel weniger als noch im Frühjahr erwartet: Die Prognosen für heuer wurden für die Mehrheit der Länder nach oben revidiert. Vor allem in der EU-MOE-Region hat sich das Wachstum vom Abschwung im Euro-Raum recht deutlich abgekoppelt. In einigen Ländern mehren sich sogar die Anzeichen einer Überhitzung, die allerdings nur in Rumänien Anlass zur Sorge gibt. Die Westbalkanländer profitieren von steigenden FDI-Zuflüssen, mehrere GUS-Länder von der expansiven Fiskalpolitik. In Russland dagegen hat der restriktive fiskalpolitische Kurs die Wirtschaft an den Rand einer Rezession gebracht. Die Wirtschaftskrise in der Türkei erwies sich zwar tiefer als früher erwartet, dürfte aber spätestens 2020 überwunden sein. Insbesondere die Visegrád-Staaten gehören zu Österreichs wichtigsten Wirtschaftspartnern. Ihnen waren im Jahr 2018 mehr als 10% des österreichischen Güterhandels, 20% der Einkommen aus Direktinvestitionen sowie 40% der Auslandsforderungen österreichischer Banken zuzurechnen. Gleichzeitig sind sie auch EU-Mitglieder mit brisanten politischen und wirtschaftlichen Herausforderungen, von welchen auch Österreich nicht unberührt bleiben wird. English Summary Eastern Europe standing firm in face of global headwinds The economy in the Central, East and Southeast European countries (CESEE) is cooling down, but much less than expected in the spring: the forecasts for this year have been revised upwards for the majority of countries. Particularly in the EU-CEE region, growth has decoupled quite clearly from the downturn in the euro area. In several countries there are even signs of overheating, although only in Romania this is a cause for concern. The Western Balkans are benefiting from rising FDI inflows, while several CIS countries from expansionary fiscal policy. In Russia, on the other hand, the restrictive fiscal policy has brought the economy to the brink of recession. Although the economic crisis in Turkey proved to be deeper than previously expected, it should be overcome by 2020 at the latest. The Visegrád countries, in particular, prove very important for the Austrian economy. In 2018, they accounted for more than 10% of Austrian goods trade, 20% of income generated by Austrian investment abroad, as well as 40% of foreign claims of Austrian banks. At the same time, they are among the EU Member States facing increasing political and economic challenges, by which Austria will not be unaffected.
650 _aKonjunkturprognose
650 _aMittelosteuropa
650 _aWestbalkan
650 _aVisegrád
650 _aÖsterreich
650 _aEU-Osterweiterung
650 _aAußenhandel
650 _aInvestitionen
650 _aFDI
650 _aAutomatisierung
650 _aArbeitskräftemangel
650 _aMigration
650 _aeconomic forecast
650 _aCentral and Eastern Europe
650 _aWestern Balkans
650 _aVisegrád
650 _aAustria
650 _aEU Eastern Enlargement
650 _ainternational trade
650 _ainvestment
650 _aFDI
650 _aautomation
650 _alabour shortages
650 _amigration
651 _aAustria
651 _aAlbania
651 _aBelarus
651 _aBosnia and Herzegovina
651 _aBulgaria
651 _aCroatia
651 _aCzechia
651 _aEstonia
651 _aEuropean Union
651 _aHungary
651 _aKazakhstan
651 _aKosovo
651 _aLatvia
651 _aLithuania
651 _aMoldova
651 _aMontenegro
651 _aNorth Macedonia
651 _aPoland
651 _aRomania
651 _aRussia
651 _aSerbia
651 _aSlovakia
651 _aSlovenia
651 _aTurkey
651 _aUkraine
690 _aMacroeconomic Analysis and Policy
690 _aLabour, Migration and Income Distribution
690 _aInternational Trade, Competitiveness and FDI
700 1 _aAstrov, Vasily
830 0 _v14
_wWIIW0000108
_twiiw Research Reports in German Language
856 4 0 _uhttps://wiiw.ac.at/p-4964.html
942 _cP
999 _c8807
_d8807